000 00679nam a22002177a 4500
003 UA-OsUOA
001 37145
007 ta
008 20060223b un ||||| |||| 00| 0 ukr d
100 _aМиллхаузер С.
090 _a82
_bМ11
942 _cSA
040 _aUA-OsUOA
_brus
_cUA-OsUOA
_dUA-OsUOA
245 _aКороль среди ветвей/Повесть. Перевод с английского Сергея Ильина
300 _aС.82-140
955 _a0
041 _arus
080 _a82
773 0 _w37143
_tИностранная литература
_dМ.
_d2006
_g1
650 7 _a82 Література. Літературознавство
_2UDC
999 _c323355
_d323355